Of military history and war diaries (Record no. 524777)
[ view plain ]
| 000 -LEADER | |
|---|---|
| fixed length control field | 01122nam a22001457a 4500 |
| 008 - FIXED-LENGTH DATA ELEMENTS--GENERAL INFORMATION | |
| fixed length control field | 240117b ||||| |||| 00| 0 eng d |
| 100 ## - MAIN ENTRY--PERSONAL NAME | |
| Personal name | Singh, Mandeep |
| 245 ## - TITLE STATEMENT | |
| Title | Of military history and war diaries |
| 260 ## - PUBLICATION, DISTRIBUTION, ETC. (IMPRINT) | |
| Place of publication, distribution, etc | U.S.I. Journal |
| 300 ## - PHYSICAL DESCRIPTION | |
| Extent | 153(633), Jul-Sep, 2023: p.383-389 |
| 520 ## - SUMMARY, ETC. | |
| Summary, etc | The study of military history is as old as the history of mankind itself. Earlier the accounts of battles and wars were recorded in the form of epics and ballads. The forms of recording military accounts and events evolved with time, with war diaries being used as the primary source for writing of military history since the turn of the twentieth century. As the military histories are used to examine the past and make decisions about the future, it is essential that these are written honestly. Timely and honest generation and maintenance of war diaries is essential so that not only the military histories are written correctly but the right lessons are learnt from them.- Reproduced https://www.usiofindia.org/pdf/20231019144718.pdf |
| 773 ## - HOST ITEM ENTRY | |
| Main entry heading | U.S.I. Journal |
| 906 ## - LOCAL DATA ELEMENT F, LDF (RLIN) | |
| Subject DIP | DEFENCE |
| 942 ## - ADDED ENTRY ELEMENTS (KOHA) | |
| Item type | Articles |
| Withdrawn status | Lost status | Source of classification or shelving scheme | Damaged status | Not for loan | Permanent location | Current location | Date acquired | Serial Enumeration / chronology | Barcode | Date last seen | Koha item type |
|---|---|---|---|---|---|---|---|---|---|---|---|
| Indian Institute of Public Administration | Indian Institute of Public Administration | 2024-01-17 | 153(633), Jul-Sep, 2023: p.383-389 | AR130583 | 2024-01-17 | Articles |
